The typographs of the Confederate States of America (Record no. 1189)

000 -LEADER
fixed length control field 00388nam a22001457a 4500
003 - CONTROL NUMBER IDENTIFIER
control field OSt
008 - FIXED-LENGTH DATA ELEMENTS--GENERAL INFORMATION
fixed length control field 150407b xxu||||| |||| 00| 0 eng d
041 ## - LANGUAGE CODE
Language code of text/sound track or separate title eng
050 00 - LIBRARY OF CONGRESS CALL NUMBER
Classification number 81-80283
100 1# - MAIN ENTRY--PERSONAL NAME
Personal name Brian M. Green
245 10 - TITLE STATEMENT
Title The typographs of the Confederate States of America
246 10 - VARYING FORM OF TITLE
Title proper/short title postage stamps and postal history
260 ## - PUBLICATION, DISTRIBUTION, ETC. (IMPRINT)
Place of publication, distribution, etc. New York
Name of publisher, distributor, etc. Philatelic Foundation
300 ## - PHYSICAL DESCRIPTION
Extent 0 pages
Holdings
Withdrawn status Lost status Source of classification or shelving scheme Damaged status Not for loan Collection code Permanent Location Current Location Date acquired Total Checkouts Full call number Barcode Date last seen Copy number Price effective from Koha item type Shelving location
          Richard Drews Northern Philatelic Library Northern Philatelic Library 04/07/2015   G3860 .G795t 1001480 06/28/2015 1 06/28/2015 Books  
            Northern Philatelic Library Northern Philatelic Library 04/02/2018   G3860 .G795t 1005036 04/02/2018 2 04/02/2018   General Stacks

Powered by Koha